Score 0/29 Timer 10:00
0 Plays Today
% Correct
Congo River
88.9%
Niger River
85.2%
Lake Victoria
85.2%
Nile river
85.2%
Zambezi River
77.8%
Blue Nile
70.4%
White Nile
70.4%
Lake Tanganyika
59.3%
Sahara Desert
51.9%
Senegal River
48.1%
Kalahari Desert
48.1%
Red Sea
40.7%
Atlas Mountains
33.3%
Indian Ocean
29.6%
Namib Desert
25.9%
% Correct
Mediterranean Sea
25.9%
North Atlantic
18.5%
South Atlantic
18.5%
Lake Chad
14.8%
Victoria Falls
14.8%
Nile Basin
14.8%
Ahaggar Mountains
11.1%
Niger Delta
11.1%
Congo Basin
11.1%
Lake Nayasa
11.1%
Mt. Kilimanjaro
11.1%
Ethiopian Highlands
11.1%
Atbara River
11.1%
Nile Delta
11.1%
Remove Ads.
Support Sporcle.
Get the best of Sporcle when you Go Orange. This ad-free experience offers more features, more stats, and more fun while also helping to support Sporcle. Thank you for becoming a member.

You're not logged in!

Compare scores with friends on all Sporcle quizzes.
OR
Log In

Show Comments

Extras

Created Sep 24, 2019ReportNominate
Tags:Africa Quiz, map, Physical

Top Quizzes Today


Score Distribution

Your Account Isn't Verified!

In order to create a playlist on Sporcle, you need to verify the email address you used during registration. Go to your Sporcle Settings to finish the process.

Report this User

Report this user for behavior that violates our Community Guidelines.

Details: